Nationality Names - Statistics

General Stats
  • This quiz has been taken 338 times
  • The average score is 15 of 22
Answer Stats
Country Nationality % Correct
Afghanistan Afghan
97%
France Frenchwoman/Frenchman
97%
Greece Greek
95%
Mexico Mexican
94%
Thailand Thai
93%
Israel Israeli
91%
Netherlands Dutchwoman/Dutchman
90%
Iraq Iraqi
90%
Switzerland Swiss
89%
Philippines Filipino
85%
Saudi Arabia Saudi
85%
Uzbekistan Uzbek
85%
Slovenia Slovene
79%
Spain Spaniard
68%
D.R. Congo Congolese
67%
Cyprus Cypriot
67%
United Arab Emirates Emirati
51%
Liechtenstein Liechtensteiner
34%
Madagascar Malagasy
28%
Botswana Tswana
22%
United Kingdom Briton
21%
Monaco Monégasque
21%
No matching quizzes found
Score Distribution
Percent of People with Each Score
Percentile by Number Answered
Your Score History
You have not taken this quiz